| 000 | 00381nam a2200157Ia 4500 | ||
|---|---|---|---|
| 008 | 230917s9999||||xx |||||||||||||| ||und|| | ||
| 020 | _cRS80 | ||
| 040 |
_e23129 _aMAIN |
||
| 041 | _aEnglish | ||
| 082 | _a330.122 H363B | ||
| 100 | _aHeibroner, Robert L | ||
| 245 | 0 | _aBusiness civilization in decline | |
| 260 |
_aMiddlesex _bPenguin _c1976 |
||
| 300 | _a103 p. | ||
| 942 | _cBK | ||
| 999 |
_c198106 _d198106 |
||